| 000 | 00502nam a2200169Ia 4500 | ||
|---|---|---|---|
| 003 | GCL | ||
| 008 | 140319s9999 xx 000 0 eng d | ||
| 040 |
_aGCL / _cGCL |
||
| 082 | 0 | 4 |
_a880.09 _bE C |
| 100 | 1 | _aEASTERLING, P.E. | |
| 245 | 1 | 0 |
_aTHE CAMBRIDGE HISTORY OF DASSICAL LITERATUSE EARLY GREEK POETRY V.I PART I / _cEASTERLING, P.E. |
| 260 |
_a[S.N] : _bCAMBRIDGE UNIVERSITY PRESS ، _c1990 |
||
| 300 | _a251P | ||
| 650 | 0 | 4 | _aCLASSICAL LITERATURE |
| 650 | 0 | 4 | _aCRITICAL POETRY |
| 942 |
_2ddc _cBK |
||
| 999 |
_c12050 _d12050 |
||